000 00657nam a2200229Ia 4500
003 OSt
005 20220928111216.0
006 a|||||r|||| 00| 0
007 ta
008 220927b |||||||| |||| 00| 0 eng d
024 _a57810
037 _cTextual
040 _aSDCL
_cSDCL
_beng
041 _2eng
_aeng
082 _aO152,1M86:g(Y15), M6
100 _aRohtangi Madhu Bala
_9422589
245 0 _aMethalisharan Gupt ke kavya main
_bNari bhawna.
260 _aCulcutta
_bRohtani Prakashan
_c1986
300 _a674p.
_ccm.
942 _hO152,1M86:g(Y15), M6
_cTEXL
_2CC
999 _c738984
_d738984